000 00500nam a2200193 a 4500
001 1758522272830
003 ACL
005 20250922115631.0
008 250922s2009##################000#0#eng##
020 _a9780486474038
082 0 4 _a796
_bBEA
100 1 _aBeard, Daniel C.,
_eauthor.
245 1 0 _aThe Fair Weather and Rainy Day Handy Book :
260 _bCourier Corporation,
_c2009.
300 _a338 pages
650 0 _aSports & Recreation.
942 _cENGLISH
040 _aACL
_beng
_cACL
999 _c588761
_d588761